000 00330nam a2200145Ia 4500
003 OSt
005 20240311163229.0
008 170523s9999 xx 000 0 und d
020 _a978-0130094148
040 _ciimtu meerut
100 _aJESSUP- VALACICH
245 0 _aINFORMATION SYSTEM TODAY
260 _bPHI
942 _2ddc
_c02
999 _c1453
_d1453